000 00575nam a2200205Ia 4500
005 20250923150023.0
008 008 250917s9999 xx 000 0 eng d
037 _aTextual
040 _aDSWL
_beng
_cDSWL
041 _aeng
_2eng
084 _aY15-73(Q7), N99
_qDSWL
100 _aEngineer, A.A.
_9841367
245 4 _aThe quzan women and modern society
_c by A.A. Engineer
260 _aNew Delhi
_b Sterling
_c1999
300 _a231 p.
365 _aINR
_b400.00
925 _g400.00
942 _cTEXL
_hY15-73(Q7), N99
999 _c1458602
_d1458602